00505nam a2200169Ia 4500008004100000020002200041041000800063082001000071100001400081245004900095250000800144260004000152650002700192942000700219952009400226999001500320230711s9999||||xx |||||||||||||| ||und|| a978-93-5014-159-5 aENG a621.3 aGupta J.B 0aBasic electrical and Electronics Engineering a6th c2011aNew DelhibS.K Kataria & Sons aElectrical Engineering cBK 001040708CaMCLbMCLd0000-00-00l0o621.3p30756r2023-08-17 14:54:49w2023-08-17yBK c9330d9330